| 000 | 00687cam a22002413a 4500 | ||
|---|---|---|---|
| 001 | 6167 | ||
| 003 | PGUSA | ||
| 005 | 20140828083129.0 | ||
| 008 | 040701s2004||||xxu|||||s|||||000 | eng d | ||
| 040 |
_aPGUSA _beng |
||
| 042 | _adc | ||
| 050 | 4 | _aHF | |
| 100 | 1 |
_aCalhoun, A. R. _q(Alfred Rochefort), _d1844- |
|
| 245 | 1 | 0 |
_aBusiness Hints for Men and Women _h[electronic resource] / _cA. R. Calhoun |
| 260 |
_bProject Gutenberg, _c2004 |
||
| 506 | _aPublic domain in the USA. | ||
| 516 | _aElectronic text | ||
| 653 | _aBusiness | ||
| 653 | _aCommercial law -- United States | ||
| 830 | 0 |
_aProject Gutenberg _v6167 |
|
| 856 | 4 | 0 | _uhttp://www.gutenberg.org/ebooks/6167 |
| 942 | _cEB | ||
| 999 |
_c235490 _d235490 |
||